000 00986nam a22002295a 4500
999 _c158224
_d158224
005 20190715120106.0
010 _aB-710591 B-728363
020 _a9789382616979
_c799.00
035 _aB-710591
035 _aB-728363
037 _adpl
_bRK Books
082 _a954.04
100 _aGuha, Ramachandra
245 _aIndia after Gandhi: the history of the world's largest democracy /
_cby Ramachandra Guha
260 _aNew Delhi
_bPicador India
_c2017
270 _a707, Kailash Building, 26, K.G. Marg
_bNew Delhi
_e110001
300 _axxxiv, 919p.:
_c23cm(pbk)
_bill.
500 _aincludes index
942 _2ddc
_cEN
_h954.04
_mGUH